|
|
|
|
| LEADER |
00000nab a2200000 a 4500 |
| 001 |
vtls000872903 |
| 003 |
SK-MaSNL |
| 005 |
20260302160340.0 |
| 008 |
140422c2004 xo 0 slo |
| 015 |
|
|
|a SNBRB2004/05-15328
|
| 035 |
|
|
|a CLN000224455
|
| 040 |
|
|
|a SNKBUCL
|b slo
|c SNKBUCL
|e AACR2
|
| 041 |
0 |
|
|a slo
|
| 044 |
|
|
|a xo
|c SK
|
| 080 |
|
|
|a 101.9
|2 1997
|
| 100 |
1 |
|
|a Gerboc, Martin,
|d 1971-
|4 aut
|9 121660
|
| 245 |
1 |
0 |
|a Dejiny jednej myšlienky
|b (k Foucaultovmu dvadsiatemu výročiu úmrtia)
|c Martin Gerboc
|
| 300 |
|
|
|b Fotogr.
|
| 600 |
1 |
7 |
|a Foucault, Michel,
|d 1926-1984
|2 snkbucl
|9 99122
|
| 655 |
|
7 |
|a články z novín a časopisov
|2 snkbucl
|9 267496
|
| 773 |
0 |
|
|t Literárny (dvoj)týždenník
|g Roč. XVII, č. 16-17 (2004), s. 15
|x 0862-5999
|
| 850 |
|
|
|a Slovenská národná knižnica v Martine
|
| 852 |
|
|
|a SNK
|b KIS3GCP
|
| 958 |
|
|
|a FR
|
| 992 |
|
|
|a RBX
|
| 999 |
|
|
|c 1374267
|d 1376197
|